Geography Quiz

Random Geography or City Quiz

Most Populous Jewish Cities (1939) Quiz Stats

 Plays Quiz Updated Jul 9, 2018

Challenge
Share
Tweet
Embed
Score 0/42 Timer 10:00
6 Plays Today
Jewish Population City % Correct
2,035,000New York, United States
94.1%
82,000Berlin, German Reich
85.2%
200,000Paris, France
81.6%
233,991London, United Kingdom
81.3%
375,000 Warsaw, Poland
76.1%
82,000Los Angeles, United States
74.3%
77,000Jerusalem, British Mandate of Palestine (Israel)
73.9%
250,181Moscow, Russian SFSR
73.8%
363,000Chicago, United States
72.9%
118,000Boston, United States
70.5%
293,000 Philadelphia, United States
61.1%
65,822Vienna, German Reich (Austria)
57.7%
201,542Leningrad (Saint Petersburg), Russian SFSR
56.2%
79,497Amsterdam, Netherlands
55.5%
150,000Tel Aviv, British Mandate of Palestine (Israel)
53.1%
56,000Prague, Protectorate of Bohemia and Moravia (Czech Republic)
51.8%
224,236Kiev, Ukrainian SSR
50.4%
201,069Budapest, Hungary
48.7%
60,000Kraków, Poland
45%
90,000Detroit, United States
42.3%
73,000Baltimore, United States
40.8%
Jewish Population City % Correct
54,000Pittsburgh, United States
37.2%
95,072Bucharest, Romania
36.5%
52,400Toronto, Canada
35.5%
90,000Cleveland, United States
34.6%
70,998Minsk, Byelorussian SSR
34.5%
63,500Montréal, Canada
30.1%
51,000St. Louis, United States
29.1%
73,000Newark, United States
24.7%
58,000Haifa, British Mandate of Palestine (Israel)
23.2%
55,000Wilno, Poland (Vilnius, Lithuania)
22.3%
85,000Baghdad, Iraq
21.9%
120,000Buenos Aires, Argentina
20.6%
233,000Łódź, Poland
16.8%
200,981Odessa, Ukrainian SSR
16.5%
109,500Lwów, Poland (Lviv, Ukraine)
10.8%
65,000Chişinău, Romania (Moldova)
7.8%
130,250Kharkov, Ukrainian SSR
6.7%
56,000Salonika, Greece
5.7%
89,525Dnepropetrovsk, Ukrainian SSR
3.7%
50,000Białystok, Poland
3.4%
50,000Cernăuţi, Romania (Chernivtsi, Ukraine)
1.5%

You're not logged in!

Compare scores with friends on all Sporcle quizzes.
Join for Free
OR
Log In

You Might Also Like...

Show Comments

Extras

Top Quizzes Today


Score Distribution

Your Account Isn't Verified!

In order to create a playlist on Sporcle, you need to verify the email address you used during registration. Go to your Sporcle Settings to finish the process.

Report this User

Report this user for behavior that violates our Community Guidelines.

Details: